<Az> emberi erőforrás menedzsment gyakorlata Magyarország - Szlovákia 2015/2016 kutatási monográfia

Saved in:
Bibliographic Details
Main Author: Blštáková, Jana, 1980-
Corporate Authors: Pécsi Tudományegyetem. Közgazdaságtudományi Kar, Ekonomická univerzita v Bratislave. Fakulta podnikového manažmentu, Szent István Egyetem. Gazdaság- és Társadalomtudományi Kar
Other Authors: Mártonné, Karoliny, Gergő, Kiss Ádám, Poór, József, Papp, Imola Cseh, Levente, Komor
Format: Book
Language:Hungarian
Slovak
Published: Gödöllő Szent István Egyetem Gazdaság- és Társadalomtudományi Kar (Menedzsment és HR Kutató Központ) 2016
Edition:1. kiad.
Subjects:
Tags: Add Tag
No Tags, Be the first to tag this record!

MARC

LEADER 00000nam a2200000 4500
001 0226031
005 20240502083604.6
020 |a 978-963-269-581-5 
041 0 |a hun 
041 0 |a slo 
044 |a HU 
245 1 0 |a <Az> emberi erőforrás menedzsment gyakorlata Magyarország - Szlovákia 2015/2016  |b kutatási monográfia  |c Jana Blštáková, Karoliny Mártonné, Kiss Ádám Gergő, József Poór ; lektorok: Csehné Papp Imola, Komor Levente 
250 |a 1. kiad. 
264 1 |a Gödöllő  |b Szent István Egyetem Gazdaság- és Társadalomtudományi Kar (Menedzsment és HR Kutató Központ)  |c 2016 
300 |a 61 s. [3,12 AH] 
610 2 0 |a riadenie ľudských zdrojov 
610 2 0 |a zdroje ľudské 
610 2 0 |a manažment personálny 
100 1 |a Blštáková, Jana, 1980- 
700 1 |a Mártonné, Karoliny 
700 1 |a Gergő, Kiss Ádám 
700 1 |a Poór, József 
700 1 |a Papp, Imola Cseh 
700 1 |a Levente, Komor 
710 2 |a Pécsi Tudományegyetem. Közgazdaságtudományi Kar 
710 2 |a Ekonomická univerzita v Bratislave. Fakulta podnikového manažmentu 
710 2 |a Szent István Egyetem. Gazdaság- és Társadalomtudományi Kar